[Event "HL  Women's 61.  RUS Chmp. 2011"]
[Site "Taganrog"]
[Date "2011.06.19"]
[Round "4"]
[Board "1"]
[White "Goryachkina, Aleksandra"]
[Black "Belenkaya, Dina"]
[Result "1/2-1/2"]
[WhiteElo "2103"]
[BlackElo "2198"]
[PlyCount "153"]
[EventDate "2011.06.15"]
[EventRounds "9"]
[EventCountry "RUS"]

1.d4 d5 2.c4 c6 3.Nc3 Nf6 4.e3 a6 5.Nf3 b5 6.b3 Bg4 7.Qc2 Nbd7 8.Be2 e6 9.O-O b4
10.Na4 Bd6 11.a3 a5 12.c5 Bb8 13.h3 Bxf3 14.Bxf3 Qc7 15.g3 h5 16.h4 Ra7 17.axb4
axb4 18.Bd2 g5 19.hxg5 Ne4 20.Bxe4 dxe4 21.Qxe4 h4 22.f4 hxg3 23.Be1 Nf8 24.Qe5
Qxe5 25.dxe5 Nd7 26.Bxg3 Ra5 27.Rfc1 Rb5 28.Rc4 Ke7 29.Be1 Rh3 30.Re4 Bc7
31.Bxb4 Rb8 32.Nb6 Bxb6 33.cxb6+ c5 34.Ba5 Nxb6 35.Bxb6 Rxb6 36.Ra7+ Kf8 37.Kg2
Rh4 38.Ra3 Rg4+ 39.Kf2 Rh4 40.Ke2 Rh1 41.Kd2 Kg7 42.Kc2 Rb5 43.Ra7 Re1 44.Rd7
Ra5 45.Rd2 Kg6 46.Kd3 Rb1 47.Kc3 Re1 48.Rd3 Ra2 49.Rd2 Ra5 50.Kd3 Rb1 51.Kc2 Re1
52.Kb2 Kf5 53.Rc4 Rxe3 54.Rd7 Kg6 55.Rc7 Rb5 56.Rc3 Re2+ 57.Kb1 Re1+ 58.Kb2 Re2+
59.Rc2 Re3 60.Rc3 Re2+ 61.Kb1 Rb4 62.R7xc5 Rxf4 63.Rc2 Ree4 64.Kb2 Kxg5 65.Rg2+
Rg4 66.Rxg4+ Kxg4 67.Kc3 Kf5 68.b4 f6 69.b5 Re1 70.exf6+ Kxf6 71.Kc4 Ke7 72.Rc7+
Kd6 73.Rc6+ Kd7 74.Ra6 Kc7 75.Kc5 Re5+ 76.Kd4 Rxb5 77.Rxe6 1/2-1/2

[Event "HL  Women's 61.  RUS Chmp. 2011"]
[Site "Taganrog"]
[Date "2011.06.19"]
[Round "4"]
[Board "1"]
[White "Travkina, Anastasia"]
[Black "Severina, Maria"]
[Result "0-1"]
[WhiteElo "2176"]
[BlackElo "2104"]
[PlyCount "74"]
[EventDate "2011.06.15"]
[EventRounds "9"]
[EventCountry "RUS"]

1.e4 e6 2.d4 d5 3.exd5 exd5 4.Nf3 Bd6 5.c4 dxc4 6.Nc3 Nf6 7.Bxc4 O-O 8.O-O Nc6
9.h3 Bf5 10.d5 Ne5 11.Nxe5 Bxe5 12.Re1 Re8 13.Bg5 Qd6 14.Nb5 Qb4 15.Bxf6 gxf6
16.Qb3 Qxb3 17.axb3 Bxb2 18.Nxc7 Rxe1+ 19.Rxe1 Rd8 20.f4 a6 21.g4 Bc8 22.Kh2 b5
23.Bf1 Bc3 24.Re3 Bd2 25.Re4 Kf8 26.Bg2 Bb7 27.b4 Rc8 28.Rd4 Be3 29.Re4 Bb6
30.Ne6+ fxe6 31.Rxe6 Bd4 32.Be4 Re8 33.Bxh7 Bxd5 34.Rxa6 Re2+ 35.Kg3 Bf2+ 36.Kh2
Bh4+ 37.Kg1 Re1+ 0-1

[Event "HL  Women's 61.  RUS Chmp. 2011"]
[Site "Taganrog"]
[Date "2011.06.19"]
[Round "4"]
[Board "1"]
[White "Ivkina, Olga"]
[Black "Balaian, Alina"]
[Result "1-0"]
[WhiteElo "2294"]
[BlackElo "2163"]
[PlyCount "73"]
[EventDate "2011.06.15"]
[EventRounds "9"]
[EventCountry "RUS"]

1.e4 e6 2.d4 d5 3.Nc3 Bb4 4.e5 c5 5.a3 Bxc3+ 6.bxc3 Ne7 7.Qg4 cxd4 8.Qxg7 Rg8
9.Qxh7 Qc7 10.Ne2 Nbc6 11.f4 Bd7 12.Qd3 dxc3 13.Nxc3 a6 14.Ne2 Rc8 15.h4 Nf5
16.Bd2 Nce7 17.a4 Qxc2 18.Qxc2 Rxc2 19.Rh3 d4 20.h5 Rg4 21.h6 Ng6 22.h7 Nh8
23.Raa3 Kf8 24.Nxd4 Nxd4 25.Rad3 Rc4 26.Rdg3 Nc2+ 27.Kf2 Rxg3 28.Rxg3 Rc8
29.Rg8+ Ke7 30.Bd3 f5 31.exf6+ Kxf6 32.Rxc8 Bxc8 33.Bc3+ e5 34.Bxe5+ Kf7 35.Bxh8
Nb4 36.Bc3 Nxd3+ 37.Ke3 1-0

[Event "HL  Women's 61.  RUS Chmp. 2011"]
[Site "Taganrog"]
[Date "2011.06.20"]
[Round "5"]
[Board "1"]
[White "Romanko, Marina"]
[Black "Zaiatz Elena, "]
[Result "0-1"]
[WhiteElo "2387"]
[BlackElo "2430"]
[PlyCount "50"]
[EventDate "2011.06.15"]
[EventRounds "9"]
[EventCountry "RUS"]

1.d4 Nf6 2.c4 e6 3.Nc3 Bb4 4.Qc2 O-O 5.a3 Bxc3+ 6.Qxc3 b6 7.Bg5 c5 8.dxc5 bxc5
9.e3 d6 10.Rd1 Nbd7 11.Bxf6 Nxf6 12.f3 Qc7 13.Bd3 Rb8 14.Ne2 d5 15.Rb1 Ba6
16.O-O Rb6 17.Rfc1 Rfb8 18.b3 Qb7 19.Kf2 Qe7 20.Qc2 g6 21.Nc3 dxc4 22.Bxc4 Bxc4
23.bxc4 Nd7 24.g3 Ne5 25.Ne4 Rb2 0-1

[Event "HL  Women's 61.  RUS Chmp. 2011"]
[Site "Taganrog"]
[Date "2011.06.20"]
[Round "5"]
[Board "1"]
[White "Charochkina, Daria"]
[Black "Shadrina, Tatiana"]
[Result "1-0"]
[WhiteElo "2320"]
[BlackElo "2397"]
[PlyCount "113"]
[EventDate "2011.06.15"]
[EventRounds "9"]
[EventCountry "RUS"]

1.e4 e5 2.Nf3 Nc6 3.d4 exd4 4.Nxd4 Bc5 5.Be3 Qf6 6.c3 Nge7 7.Bc4 Ne5 8.Be2 Qg6
9.O-O d6 10.Kh1 O-O 11.Nd2 Ng4 12.Bf4 Nc6 13.f3 Nge5 14.Be3 Bb6 15.f4 Qh6
16.fxe5 Qxe3 17.Nxc6 bxc6 18.exd6 cxd6 19.Nc4 Qxe4 20.Nxd6 Qe7 21.Bc4 Be6 22.Nf5
Bxf5 23.Rxf5 g6 24.Qg4 Kh8 25.Rff1 f5 26.Qf3 Qc5 27.Ba6 Rad8 28.b4 Qe5 29.Rfe1
Qf6 30.a4 Rd2 31.Re2 Rxe2 32.Bxe2 Re8 33.a5 Bc7 34.Bf1 Re4 35.Rd1 Qe6 36.Qf2 Re3
37.Rd7 Qxd7 38.Qxe3 Kg7 39.Qxa7 Qd6 40.g3 c5 41.bxc5 Qe5 42.Qb7 Qxc5 43.a6 Qb6
44.Qd5 Kh6 45.Qd2+ g5 46.h4 f4 47.Qd5 gxh4 48.gxh4 Kg7 49.Qg5+ Kf8 50.a7 Qb7+
51.Bg2 Qb1+ 52.Kh2 f3+ 53.Kh3 Qa2 54.Qf6+ Kg8 55.Bxf3 Qh2+ 56.Kg4 Qg1+ 57.Kh5 1-0

[Event "HL  Women's 61.  RUS Chmp. 2011"]
[Site "Taganrog"]
[Date "2011.06.20"]
[Round "5"]
[Board "1"]
[White "Bezgodova, Svetlana"]
[Black "Matveeva, Svetlana"]
[Result "0-1"]
[WhiteElo "2154"]
[BlackElo "2380"]
[PlyCount "108"]
[EventDate "2011.06.15"]
[EventRounds "9"]
[EventCountry "RUS"]

1.e4 c5 2.Nf3 e6 3.d3 Nc6 4.Nbd2 g6 5.Be2 Bg7 6.O-O Nge7 7.Re1 O-O 8.Nf1 d5 9.c3
d4 10.cxd4 Nxd4 11.Nxd4 Qxd4 12.Ne3 b6 13.Nc4 Nc6 14.Qa4 Bb7 15.Bf4 Rfd8 16.Rac1
Nb4 17.Bg5 Bf6 18.Be3 Qd7 19.Qb3 Bc6 20.e5 Be7 21.Qa3 Nxd3 22.Red1 Nxc1 23.Rxd7
Nxe2+ 24.Kf1 Rxd7 25.Kxe2 Bxg2 26.f3 Rad8 27.Nd6 f6 28.Qa4 fxe5 29.Nc8 Bf6
30.Nxa7 e4 31.fxe4 Rf7 32.Nc6 Rc8 33.Bf4 Bh4 34.Bd6 Bf3+ 35.Kd3 Rd7 36.Ne7+ Rxe7
37.Bxe7 Bxe7 38.Ke3 Rf8 39.Qc6 Bg5+ 40.Kd3 Rd8+ 41.Kc3 Bf6+ 42.Kc2 Rd4 43.Qxe6+
Kg7 44.e5 Be4+ 45.Kc3 Bg5 46.b3 b5 47.a3 Bf5 48.Qe8 b4+ 49.axb4 Bd2+ 50.Kb2 Bxb4
51.e6 Rd2+ 52.Kc1 Rc2+ 53.Kd1 Rxh2 54.e7 Bc2+ 0-1

[Event "HL  Women's 61.  RUS Chmp. 2011"]
[Site "Taganrog"]
[Date "2011.06.20"]
[Round "5"]
[Board "1"]
[White "Severina, Maria"]
[Black "Pustovoitova, Daria"]
[Result "0-1"]
[WhiteElo "2104"]
[BlackElo "2306"]
[PlyCount "52"]
[EventDate "2011.06.15"]
[EventRounds "9"]
[EventCountry "RUS"]

1.d4 f5 2.Nf3 g6 3.c4 Nf6 4.Nc3 Bg7 5.b4 d6 6.Bb2 O-O 7.e3 c5 8.a3 Nc6 9.bxc5
dxc5 10.d5 Ne4 11.Rc1 Qb6 12.Qc2 Nd8 13.h4 h6 14.Bd3 Nf7 15.Bxe4 fxe4 16.Nd2 Ne5
17.Ncxe4 Qxb2 18.Qxb2 Nd3+ 19.Ke2 Nxb2 20.Nxc5 b6 21.Ncb3 Ba6 22.Rc2 Rac8
23.Rhc1 b5 24.Ne4 bxc4 25.Nbc5 Bb5 26.a4 Nxa4 0-1

[Event "HL  Women's 61.  RUS Chmp. 2011"]
[Site "Taganrog"]
[Date "2011.06.20"]
[Round "5"]
[Board "1"]
[White "Drozdova, Dina"]
[Black "Bukhteeva, Viktoria"]
[Result "1/2-1/2"]
[WhiteElo "2239"]
[BlackElo "2178"]
[PlyCount "81"]
[EventDate "2011.06.15"]
[EventRounds "9"]
[EventCountry "RUS"]

1.d4 Nf6 2.c4 e6 3.Nc3 Bb4 4.e3 d5 5.Nge2 O-O 6.a3 Be7 7.cxd5 Nxd5 8.g3 c5 9.Bg2
Nxc3 10.bxc3 Nc6 11.O-O Qc7 12.e4 Rd8 13.Qc2 Bf6 14.Be3 Na5 15.Qd3 g6 16.f4 Bg7
17.g4 e5 18.fxe5 Bxg4 19.Nf4 cxd4 20.cxd4 Qc4 21.Qd2 Nb3 22.Qf2 Nxa1 23.Rxa1 Qb3
24.Nd5 Be6 25.Nf6+ Bxf6 26.exf6 Rac8 27.d5 Rc2 28.Qf3 Bg4 29.Qg3 Rxg2+ 30.Kxg2
Qb2+ 31.Bf2 Qxa1 32.Qxg4 Qxf6 33.Bg3 Qb2+ 34.Kh3 Qxa3 35.Qg5 Rd7 36.Qf6 Qd3
37.Qe5 Kf8 38.Qh8+ Ke7 39.Qe5+ Kf8 40.Qh8+ Ke7 41.Qe5+ 1/2-1/2

[Event "HL  Women's 61.  RUS Chmp. 2011"]
[Site "Taganrog"]
[Date "2011.06.20"]
[Round "5"]
[Board "1"]
[White "Belenkaya, Dina"]
[Black "Zizlova, Sofia"]
[Result "1-0"]
[WhiteElo "2198"]
[BlackElo "2149"]
[PlyCount "121"]
[EventDate "2011.06.15"]
[EventRounds "9"]
[EventCountry "RUS"]

1.e4 c5 2.Nf3 d6 3.d4 Nf6 4.dxc5 Nxe4 5.cxd6 Nc6 6.c3 Nxd6 7.Bf4 Bg4 8.Be2 Qb6
9.Qb3 Qxb3 10.axb3 O-O-O 11.Ne5 Nxe5 12.Bxe5 Bxe2 13.Kxe2 a6 14.Rd1 e6 15.Na3 f6
16.Bd4 Kc7 17.f3 Be7 18.Nc4 Nxc4 19.bxc4 Bd6 20.h3 Rhe8 21.Ra5 Bf4 22.Rc5+ Kb8
23.Rd3 Bc7 24.Rh5 h6 25.Rh4 e5 26.Be3 Rxd3 27.Kxd3 f5 28.Rh5 Rd8+ 29.Ke2 f4
30.Bc5 b6 31.Ba3 Re8 32.Rf5 Re6 33.Bf8 g6 34.Rf7 h5 35.Kd3 Kb7 36.Ke4 Kc6 37.Bg7
a5 38.b3 Bb8 39.Rf6 Kd6 40.Rf8 Bc7 41.Bf6 Kc6 42.Bh4 Rd6 43.Rf6 Kc5 44.Bf2+ Kc6
45.Rxd6+ Bxd6 46.g3 g5 47.g4 hxg4 48.hxg4 b5 49.cxb5+ Kxb5 50.Kf5 a4 51.bxa4+
Kxa4 52.Kxg5 Kb3 53.Kf5 Kxc3 54.g5 Kd3 55.g6 Bf8 56.Kxe5 Ke2 57.Bc5 Bh6 58.Ke4
Kf1 59.Bd4 Kg2 60.g7 Bxg7 61.Bxg7 1-0

[Event "HL  Women's 61.  RUS Chmp. 2011"]
[Site "Taganrog"]
[Date "2011.06.20"]
[Round "5"]
[Board "1"]
[White "Travkina, Anastasia"]
[Black "Ivkina, Olga"]
[Result "1/2-1/2"]
[WhiteElo "2176"]
[BlackElo "2294"]
[PlyCount "106"]
[EventDate "2011.06.15"]
[EventRounds "9"]
[EventCountry "RUS"]

1.e4 e5 2.Nf3 Nc6 3.d4 exd4 4.Nxd4 Bc5 5.Nxc6 bxc6 6.Nc3 Qf6 7.f4 Qd4 8.Qxd4
Bxd4 9.Be2 d6 10.Bd2 Ne7 11.O-O-O O-O 12.Bf3 Rb8 13.b3 Ba6 14.Ne2 Bxe2 15.Bxe2
f5 16.c3 Bb6 17.e5 d5 18.Kc2 Kf7 19.Bc1 Ke6 20.Ba3 c5 21.c4 d4 22.Bf3 c6 23.Rhf1
g6 24.h3 h5 25.g3 a5 26.Rb1 h4 27.gxh4 Rh8 28.h5 gxh5 29.Rg1 Rbg8 30.h4 Ng6
31.Bxc6 Nxf4 32.Rgf1 Rg4 33.Rbe1 d3+ 34.Kc3 Rd8 35.Rxf4 Rxf4 36.Bd5+ Kd7 37.e6+
Ke7 38.Bc1 Rg4 39.Bg5+ Rxg5 40.hxg5 Rg8 41.Rg1 Bc7 42.g6 h4 43.Rg5 Be5+ 44.Kxd3
Bf6 45.Rxf5 Rxg6 46.Rh5 Kd6 47.Ke4 Rg2 48.Kf5 Rf2+ 49.Kg6 Be7 50.Rh8 Rf8 51.Rh7
Rf2 52.Rh8 Rf8 53.Rh7 Rf2 1/2-1/2

[Event "HL  Women's 61.  RUS Chmp. 2011"]
[Site "Taganrog"]
[Date "2011.06.22"]
[Round "6"]
[Board "1"]
[White "Zaiatz Elena, "]
[Black "Kovalevskaya, Ekaterina"]
[Result "1-0"]
[WhiteElo "2430"]
[BlackElo "2427"]
[PlyCount "123"]
[EventDate "2011.06.15"]
[EventRounds "9"]
[EventCountry "RUS"]

1.d4 d5 2.c4 e6 3.Nc3 c5 4.cxd5 exd5 5.Nf3 Nc6 6.g3 Nf6 7.Bg2 Be7 8.O-O O-O
9.Bg5 c4 10.Ne5 Be6 11.Nxc6 bxc6 12.b3 Qa5 13.Qc2 Rac8 14.bxc4 dxc4 15.Ne4 Qd8
16.Nxf6+ Bxf6 17.Bxf6 Qxf6 18.e3 Rfd8 19.Rad1 Qf5 20.Qa4 Qb5 21.Qa3 Rb8 22.Rd2
a5 23.Rc1 Qb4 24.Qxb4 axb4 25.Bxc6 c3 26.Rdc2 f5 27.Ba4 Ra8 28.Bb3 Bxb3 29.axb3
Ra3 30.Kf1 Rda8 31.Ke2 Rxb3 32.Kd3 Rba3 33.Rb1 R8a4 34.f3 Ra1 35.Rcc1 R1a2
36.Kc4 Rxh2 37.Rxb4 Rxb4+ 38.Kxb4 c2 39.Kc3 Rf2 40.f4 Rf3 41.Kd3 Rxg3 42.Rxc2 h5
43.d5 Kf7 44.Rh2 g6 45.Kd4 Kf6 46.Ra2 h4 47.Ra6+ Ke7 48.e4 fxe4 49.Ke5 e3 50.d6+
Kd7 51.Ra7+ Kc6 52.Rc7+ Kb6 53.Rc2 e2 54.Rxe2 h3 55.Ke6 Rg2 56.Re1 h2 57.d7 Rd2
58.Ke7 h1=Q 59.Rxh1 Re2+ 60.Kd8 Re4 61.Rb1+ Ka7 62.Rb5 1-0

[Event "HL  Women's 61.  RUS Chmp. 2011"]
[Site "Taganrog"]
[Date "2011.06.22"]
[Round "6"]
[Board "1"]
[White "Gunina, Valentina"]
[Black "Charochkina, Daria"]
[Result "1-0"]
[WhiteElo "2487"]
[BlackElo "2320"]
[PlyCount "89"]
[EventDate "2011.06.15"]
[EventRounds "9"]
[EventCountry "RUS"]

1.d4 d5 2.c4 c6 3.Nf3 Nf6 4.Nc3 e6 5.Bg5 dxc4 6.e4 b5 7.e5 h6 8.Bh4 g5 9.Nxg5
hxg5 10.Bxg5 Nbd7 11.exf6 Bb7 12.g3 c5 13.d5 Qb6 14.Bg2 O-O-O 15.O-O b4 16.Na4
Qa6 17.a3 Bxd5 18.Bxd5 Ne5 19.axb4 Rxd5 20.Qe2 cxb4 21.Nc3 Ra5 22.Rxa5 Qxa5
23.Ne4 Nd3 24.Be3 Qh5 25.f3 a5 26.b3 a4 27.bxc4 Nc5 28.Ng5 Bd6 29.Qg2 a3 30.f4
Kc7 31.h3 b3 32.Qf2 Kc6 33.Qg2+ Kc7 34.Qd2 Rb8 35.g4 Qg6 36.Rd1 Rb6 37.Qa5 b2
38.f5 Qxf6 39.Bxc5 Bxc5+ 40.Qxc5+ Rc6 41.Qa7+ Kc8 42.Ne4 a2 43.Qa8+ Kc7 44.Nxf6
b1=Q 45.Ne8+ 1-0

[Event "HL  Women's 61.  RUS Chmp. 2011"]
[Site "Taganrog"]
[Date "2011.06.22"]
[Round "6"]
[Board "1"]
[White "Ambartsumova, Karina"]
[Black "Romanko, Marina"]
[Result "1/2-1/2"]
[WhiteElo "2303"]
[BlackElo "2387"]
[PlyCount "44"]
[EventDate "2011.06.15"]
[EventRounds "9"]
[EventCountry "RUS"]

1.e4 c6 2.d4 d5 3.Nc3 dxe4 4.Nxe4 Bf5 5.Ng3 Bg6 6.Nf3 Nd7 7.Bd3 e6 8.O-O Ngf6
9.b3 c5 10.Bb2 cxd4 11.Bxd4 Qc7 12.Re1 Bb4 13.c3 Bd6 14.Ng5 O-O 15.Bxg6 hxg6
16.c4 Rad8 17.Qf3 Ne5 18.Qe2 Nc6 19.Bc3 Bf4 20.Nh3 Bd6 21.Ng5 Bf4 22.Nh3 Bd6 1/2-1/2

[Event "HL  Women's 61.  RUS Chmp. 2011"]
[Site "Taganrog"]
[Date "2011.06.22"]
[Round "6"]
[Board "1"]
[White "Ovod, Evgenija"]
[Black "Kostrikina, Anna"]
[Result "1-0"]
[WhiteElo "2404"]
[BlackElo "2072"]
[PlyCount "83"]
[EventDate "2011.06.15"]
[EventRounds "9"]
[EventCountry "RUS"]

1.d4 d5 2.c4 e6 3.Nc3 Nf6 4.Bg5 Be7 5.e3 Nbd7 6.Rc1 O-O 7.Nf3 c6 8.Bd3 dxc4
9.Bxc4 Nd5 10.Bxe7 Qxe7 11.O-O Nxc3 12.Rxc3 e5 13.Bb3 e4 14.Nd2 Nf6 15.Qc2 Bg4
16.Re1 Bf5 17.f4 Ng4 18.h3 Qh4 19.Re2 Nf6 20.Rc5 g6 21.Nf1 Nd7 22.Rc3 Nb6 23.g3
Qe7 24.g4 Bd7 25.Rc5 Qh4 26.Qxe4 Qxh3 27.f5 Qh6 28.fxg6 hxg6 29.Rh2 Qg7 30.Rg5
Nd5 31.Bxd5 cxd5 32.Qxd5 Be6 33.Qxb7 Bxa2 34.Qa6 Be6 35.Ng3 Qf6 36.Ne4 Qf3
37.Rxg6+ fxg6 38.Qxe6+ Kg7 39.Qe5+ Rf6 40.Nxf6 Qd1+ 41.Kf2 Qd2+ 42.Kf3 1-0

[Event "HL  Women's 61.  RUS Chmp. 2011"]
[Site "Taganrog"]
[Date "2011.06.22"]
[Round "6"]
[Board "1"]
[White "Matveeva, Svetlana"]
[Black "Pustovoitova, Daria"]
[Result "1/2-1/2"]
[WhiteElo "2380"]
[BlackElo "2306"]
[PlyCount "140"]
[EventDate "2011.06.15"]
[EventRounds "9"]
[EventCountry "RUS"]

1.d4 g6 2.c4 Bg7 3.Nf3 Nf6 4.g3 d5 5.cxd5 Nxd5 6.Bg2 Nb6 7.O-O Nc6 8.e3 O-O
9.Nc3 Re8 10.Re1 a5 11.d5 Bxc3 12.bxc3 Nxd5 13.Qc2 Nf6 14.e4 e5 15.Rb1 b6 16.Ba3
Be6 17.Bf1 Bg4 18.Re3 Nd7 19.h3 Be6 20.Rd1 Qf6 21.Nh2 Rad8 22.Ng4 Qg7 23.Rf3
Ncb8 24.Bc1 h5 25.Nh6+ Kh7 26.Nf5 Qf8 27.Ne3 Nc5 28.Nd5 Bxd5 29.exd5 c6 30.c4
Nba6 31.a3 cxd5 32.cxd5 Rd6 33.Bb5 Red8 34.Bxa6 Nxa6 35.Qe2 Rxd5 36.Rxd5 Rxd5
37.Bb2 Nc5 38.Bxe5 Qe7 39.Re3 Ne6 40.Qf3 Rc5 41.Bf6 Rc1+ 42.Kh2 Qd7 43.Rd3 Qc6
44.Bb2 Ng5 45.Qxc6 Rxc6 46.Rd8 f6 47.Rd7+ Kh6 48.Kg2 Ne4 49.Re7 Nc3 50.h4 Nd5
51.Rd7 Ne3+ 52.Kf3 Ng4 53.Rb7 Rd6 54.Bc1+ g5 55.Ke2 Kg6 56.f3 Re6+ 57.Kf1 Ne5
58.hxg5 Nxf3 59.gxf6 Kxf6 60.Bf4 Kf5 61.Kf2 Ne5 62.Bxe5 Kxe5 63.Rh7 Rf6+ 64.Ke3
Rf5 65.Rd7 a4 66.Rb7 Rg5 67.Kf3 Rg6 68.Ra7 Rg4 69.Rh7 Rg5 70.Rb7 Rg6 1/2-1/2

[Event "HL  Women's 61.  RUS Chmp. 2011"]
[Site "Taganrog"]
[Date "2011.06.22"]
[Round "6"]
[Board "1"]
[White "Severiukhina, Zoja"]
[Black "Kovanova, Baira"]
[Result "0-1"]
[WhiteElo "2291"]
[BlackElo "2361"]
[PlyCount "112"]
[EventDate "2011.06.15"]
[EventRounds "9"]
[EventCountry "RUS"]

1.e4 e5 2.Nf3 Nc6 3.Bb5 a6 4.Ba4 Nf6 5.O-O Be7 6.Re1 b5 7.Bb3 d6 8.c3 O-O 9.h3
Be6 10.d4 Bxb3 11.axb3 Qc8 12.c4 Qb7 13.Nc3 Rfe8 14.d5 Nb4 15.Qe2 c6 16.dxc6
Qxc6 17.Bg5 bxc4 18.bxc4 h6 19.Bxf6 Bxf6 20.Ra4 a5 21.Rd1 Bd8 22.Nb5 Re6 23.Nd2
Bb6 24.Nb1 Rf6 25.Rf1 Rf8 26.Ra3 Rg6 27.Rf3 f5 28.exf5 Rxf5 29.Nd2 Rf4 30.Kh2
Kh8 31.Rg3 Rgf6 32.f3 Nc2 33.Ne4 Ne3 34.Rc1 Rxe4 35.fxe4 Qxe4 36.Nxd6 Qf4 37.Qf3
Rxd6 38.c5 Bxc5 39.Qxf4 exf4 40.Rf3 Rd5 41.g3 g5 42.h4 Bd6 43.hxg5 hxg5 44.gxf4
Rd2+ 45.Kg1 gxf4 46.Rc6 Kg7 47.b3 Nf5 48.Ra6 Bc5+ 49.Kf1 Ne3+ 50.Ke1 Bb4 51.Rb6
Rb2+ 52.Rxb4 axb4 53.Rg3+ Kf6 54.Rg6+ Kf5 55.Rf6+ Ke5 56.Re6+ Kd4 0-1

[Event "HL  Women's 61.  RUS Chmp. 2011"]
[Site "Taganrog"]
[Date "2011.06.22"]
[Round "6"]
[Board "1"]
[White "Vasilevich, Irina"]
[Black "Drozdova, Dina"]
[Result "1-0"]
[WhiteElo "2342"]
[BlackElo "2239"]
[PlyCount "37"]
[EventDate "2011.06.15"]
[EventRounds "9"]
[EventCountry "RUS"]

1.c4 d6 2.g3 e5 3.Bg2 f5 4.Nc3 Nf6 5.d3 g6 6.f4 exf4 7.Bxf4 Bg7 8.Nf3 O-O 9.Qd2
Nc6 10.O-O Qe8 11.Rae1 Rf7 12.Kh1 Qf8 13.e4 Nh5 14.Ng5 Nxf4 15.gxf4 Rd7 16.exf5
gxf5 17.Bd5+ Kh8 18.Ne6 Qf6 19.Nxg7 1-0

[Event "HL  Women's 61.  RUS Chmp. 2011"]
[Site "Taganrog"]
[Date "2011.06.22"]
[Round "6"]
[Board "1"]
[White "Bukhteeva, Viktoria"]
[Black "Belenkaya, Dina"]
[Result "1-0"]
[WhiteElo "2178"]
[BlackElo "2198"]
[PlyCount "107"]
[EventDate "2011.06.15"]
[EventRounds "9"]
[EventCountry "RUS"]

1.e4 c6 2.Nc3 d5 3.Qf3 d4 4.Bc4 e6 5.Nce2 b5 6.Bb3 Qb6 7.d3 Nd7 8.Nh3 Ngf6 9.Qg3
Bb7 10.e5 Nd5 11.Bxd5 cxd5 12.O-O h6 13.a4 Rc8 14.a5 Qc7 15.a6 Ba8 16.Nxd4 Qxe5
17.Nxb5 Qxg3 18.hxg3 Rxc2 19.Be3 Bb4 20.Rfc1 Rxc1+ 21.Rxc1 Ke7 22.Nxa7 e5 23.d4
f6 24.f4 e4 25.f5 Nb6 26.Rc7+ Kd8 27.Rxg7 Nc4 28.Kf2 Nxb2 29.Nf4 Nd3+ 30.Ke2
Nxf4+ 31.Bxf4 Be7 32.Bd2 Kd7 33.Bf4 Re8 34.Bxh6 Rb8 35.Rh7 Re8 36.Bf4 Bc6
37.Nxc6 Kxc6 38.a7 Bd6 39.Bxd6 Kxd6 40.Rf7 Ra8 41.Ke3 Rg8 42.Rxf6+ Kc7 43.Rg6
Rf8 44.g4 Kb7 45.Rg7+ Ka8 46.Rd7 Rf6 47.Rxd5 Kxa7 48.g5 Rf8 49.g6 Rg8 50.Kxe4
Kb6 51.f6 Rxg6 52.f7 Re6+ 53.Re5 Rf6 54.Rf5 1-0

[Event "HL  Women's 61.  RUS Chmp. 2011"]
[Site "Taganrog"]
[Date "2011.06.22"]
[Round "6"]
[Board "1"]
[White "Shadrina, Tatiana"]
[Black "Ivakhinova, Inna"]
[Result "1-0"]
[WhiteElo "2397"]
[BlackElo "2326"]
[PlyCount "175"]
[EventDate "2011.06.15"]
[EventRounds "9"]
[EventCountry "RUS"]

1.e4 e5 2.Nf3 Nc6 3.Bb5 a6 4.Ba4 Nf6 5.O-O Be7 6.Re1 b5 7.Bb3 d6 8.c3 O-O 9.h3
Na5 10.Bc2 c5 11.d4 Nd7 12.dxc5 dxc5 13.Nbd2 Bb7 14.b3 Qc7 15.Nf1 Rfd8 16.Qe2
Nf6 17.g4 c4 18.b4 Nc6 19.a4 Nd4 20.cxd4 exd4 21.Nxd4 Rxd4 22.axb5 axb5 23.Rxa8+
Bxa8 24.Qe3 Bxb4 25.Qxd4 Bxe1 26.Bf4 Qc6 27.g5 Ne8 28.Ne3 Bb4 29.Qd8 Bb7 30.Nf5
Bf8 31.Be5 b4 32.Bxg7 Qc8 33.Qd1 Nxg7 34.Nh6+ Kh8 35.Nxf7+ Kg8 36.Nh6+ Kh8
37.Qf3 Ne6 38.Nf7+ Kg8 39.Ne5 Bg7 40.Qf7+ Kh8 41.g6 h6 42.Qe7 Kg8 43.Ba4 Ng5
44.h4 Bxe5 45.Bd7 Bf6 46.Qd6 Qf8 47.Qc7 Bxe4 48.Qxc4+ Kg7 49.hxg5 Bxg6 50.gxf6+
Kxf6 51.Qd4+ Kf7 52.Ba4 Bf5 53.Bb3+ Kg6 54.Qb6+ Kg5 55.Qe3+ Kf6 56.Qb6+ Kg7
57.Qc7+ Kh8 58.Kh2 Qe8 59.Bf7 Qe2 60.Qf4 Kg7 61.Qxf5 Qd2 62.Bd5 h5 63.Qf7+ Kh6
64.Qf6+ Kh7 65.Qf7+ Kh6 66.Qf8+ Kg5 67.Qe7+ Kf5 68.Qe4+ Kf6 69.Qe6+ Kg5 70.Qe5+
Kh6 71.Qf6+ Kh7 72.Be4+ Kg8 73.Kg3 Qd1 74.Qg5+ Kf8 75.Qf6+ Kg8 76.Bf3 Qg1+
77.Bg2 Qb1 78.Qg5+ Kf8 79.Qxh5 b3 80.Qc5+ Kg7 81.Qe5+ Kf8 82.Qf6+ Kg8 83.Bd5+
Kh7 84.Qf7+ Kh6 85.Qf8+ Kh7 86.Bg8+ Kg6 87.Qf7+ Kh6 88.Qf6+ 1-0

[Event "HL  Women's 61.  RUS Chmp. 2011"]
[Site "Taganrog"]
[Date "2011.06.22"]
[Round "6"]
[Board "1"]
[White "Semenova, Elena"]
[Black "Severina, Maria"]
[Result "1-0"]
[WhiteElo "2188"]
[BlackElo "2104"]
[PlyCount "87"]
[EventDate "2011.06.15"]
[EventRounds "9"]
[EventCountry "RUS"]

1.e4 e5 2.Nf3 Nc6 3.d4 exd4 4.Nxd4 Nf6 5.Nxc6 bxc6 6.Bd3 d6 7.O-O Be7 8.Nc3 O-O
9.Bf4 Nd7 10.Ne2 Nc5 11.Be3 Nxd3 12.cxd3 c5 13.d4 cxd4 14.Bxd4 c5 15.Bc3 Bb7
16.Ng3 Bf6 17.Qf3 Bxc3 18.Qxc3 Qe7 19.Rad1 g6 20.Rfe1 a5 21.Re3 f6 22.Ne2 Rfd8
23.Nf4 Qf7 24.h3 g5 25.Nd5 Bxd5 26.Rxd5 Qe6 27.Rf3 Rf8 28.Rdf5 Qxe4 29.Rxf6 Qe5
30.Qc4+ d5 31.Rxf8+ Rxf8 32.Rxf8+ Kxf8 33.Qxc5+ Kf7 34.Qxa5 Qe4 35.a4 d4 36.Qc7+
Ke6 37.Qc4+ Ke5 38.Qb5+ Kf6 39.Qb6+ Ke7 40.Qb4+ Ke6 41.a5 Qd5 42.a6 d3 43.Qd2
Kd6 44.a7 1-0

[Event "HL  Women's 61.  RUS Chmp. 2011"]
[Site "Taganrog"]
[Date "2011.06.22"]
[Round "6"]
[Board "1"]
[White "Goryachkina, Aleksandra"]
[Black "Bezgodova, Svetlana"]
[Result "1-0"]
[WhiteElo "2103"]
[BlackElo "2154"]
[PlyCount "73"]
[EventDate "2011.06.15"]
[EventRounds "9"]
[EventCountry "RUS"]

1.d4 Nf6 2.c4 d6 3.Nc3 e5 4.Nf3 Nbd7 5.e4 Be7 6.Be2 O-O 7.O-O c6 8.Be3 a6 9.d5
Ng4 10.Bd2 Ngf6 11.Ne1 cxd5 12.cxd5 b5 13.Nc2 Nb6 14.b3 Bd7 15.a4 bxa4 16.bxa4
Qc7 17.Ne3 Rfb8 18.a5 Nc8 19.Bd3 Bd8 20.Qe2 Rb4 21.Rfc1 Qa7 22.Nc4 Bg4 23.Qf1
Nh5 24.h3 Bd7 25.Na2 Rb3 26.Be3 Qb8 27.g3 Nf6 28.Rab1 h6 29.Nb6 Rxb1 30.Rxb1
Nxb6 31.axb6 Bb5 32.Nb4 Nxe4 33.Nc6 Qb7 34.Rxb5 Nc3 35.Nxd8 Rxd8 36.Ra5 Nxd5
37.Qg2 1-0

[Event "HL  Women's 61.  RUS Chmp. 2011"]
[Site "Taganrog"]
[Date "2011.06.22"]
[Round "6"]
[Board "1"]
[White "Savina, Anastasia"]
[Black "Travkina, Anastasia"]
[Result "1-0"]
[WhiteElo "2389"]
[BlackElo "2176"]
[PlyCount "73"]
[EventDate "2011.06.15"]
[EventRounds "9"]
[EventCountry "RUS"]

1.d4 Nf6 2.c4 e6 3.Nf3 d5 4.Nc3 c5 5.cxd5 Nxd5 6.e4 Nxc3 7.bxc3 cxd4 8.cxd4 Bb4+
9.Bd2 Bxd2+ 10.Qxd2 O-O 11.Bc4 Nd7 12.O-O b6 13.Rad1 Bb7 14.Rfe1 Rc8 15.Bd3 Qc7
16.h3 e5 17.Bb5 exd4 18.Nxd4 Nc5 19.e5 a6 20.Bf1 Rcd8 21.Qc1 Rd5 22.Nf5 Rxe5
23.Rxe5 Qxe5 24.Qg5 Qf6 25.Qxf6 gxf6 26.Rd6 Be4 27.Ng3 Rb8 28.Bxa6 Bxg2 29.Kxg2
Nxa6 30.Ne4 Nc5 31.Nxf6+ Kg7 32.Nd5 Ra8 33.Nb4 Na4 34.Rc6 Rd8 35.Nc2 Rd2 36.Ne3
Rxa2 37.Nf5+ 1-0

[Event "HL  Women's 61.  RUS Chmp. 2011"]
[Site "Taganrog"]
[Date "2011.06.22"]
[Round "6"]
[Board "1"]
[White "Ivkina, Olga"]
[Black "Zizlova, Sofia"]
[Result "1/2-1/2"]
[WhiteElo "2294"]
[BlackElo "2149"]
[PlyCount "96"]
[EventDate "2011.06.15"]
[EventRounds "9"]
[EventCountry "RUS"]

1.e4 c5 2.Nf3 d6 3.Bb5+ Nd7 4.c3 Ngf6 5.Qe2 a6 6.Ba4 b5 7.Bc2 g6 8.d4 Bb7 9.Nbd2
cxd4 10.cxd4 Rc8 11.Bb3 Bg7 12.e5 dxe5 13.dxe5 Nd5 14.e6 fxe6 15.Ng5 Nc5 16.Nxe6
Nxe6 17.Qxe6 Rf8 18.Bxd5 Bxd5 19.Qh3 Qd7 20.Qxd7+ Kxd7 21.O-O Rc2 22.f3 Bd4+
23.Kh1 Bxb2 24.Bxb2 Rxb2 25.Rfd1 Kc6 26.a4 b4 27.Rac1+ Kb6 28.a5+ Kb5 29.Nf1 e6
30.Ne3 Rd8 31.Nc2 Kxa5 32.Nd4 Rf8 33.Ra1+ Kb6 34.Nxe6 Bxe6 35.Rd6+ Kb5 36.Rxe6
Rc8 37.h4 Rcc2 38.Raxa6 Rxg2 39.Rab6+ Kc4 40.Re4+ Kc3 41.Rbxb4 Rxb4 42.Rxb4 Rf2
43.Rb7 h5 44.Rf7 Kd3 45.Kg1 Ra2 46.Rf6 Ke3 47.Rxg6 Kxf3 48.Rg5 Ra4 1/2-1/2

[Event "HL  Women's 61.  RUS Chmp. 2011"]
[Site "Taganrog"]
[Date "2011.06.22"]
[Round "6"]
[Board "1"]
[White "Petrova, Olga"]
[Black "Balaian, Alina"]
[Result "0-1"]
[WhiteElo "2256"]
[BlackElo "2163"]
[PlyCount "72"]
[EventDate "2011.06.15"]
[EventRounds "9"]
[EventCountry "RUS"]

1.e4 e6 2.d4 d5 3.Nc3 Bb4 4.e5 c5 5.a3 Bxc3+ 6.bxc3 Ne7 7.Nf3 Nbc6 8.Bd3 Qa5
9.Bd2 c4 10.Be2 Bd7 11.O-O f6 12.exf6 gxf6 13.Nh4 O-O-O 14.f4 Ng6 15.Be1 Nce7
16.Qd2 Rdf8 17.Bg4 Rhg8 18.h3 f5 19.Bh5 Kc7 20.Nf3 Nc8 21.Qe3 Nd6 22.Bxg6 Rxg6
23.Qe5 Qa6 24.Bh4 Rfg8 25.Ng5 R8g7 26.Kh1 Kc8 27.Rae1 Nb5 28.Re3 h6 29.Nf3 Qxa3
30.g4 Nd6 31.Re2 fxg4 32.hxg4 Rxg4 33.Qf6 Rg8 34.Qxh6 Nf5 35.Qh7 R4g7 36.Qh5 Be8
0-1